000 00214nam a2200097Ia 4500
008 120527s9999 xx 000 0 und d
100 _aWassenaar,I.P
245 _aFurniture, 1st ed.
260 _bD.I.T
942 _cBK
999 _c15009
_d15009